Agrità

Shranjeno v:
Bibliografske podrobnosti
Glavni avtor: Villa, Carlo
Format: Knjiga
Jezik:neznan ali neveljaven jezik
Izdano: Editrice Fiorentina
Oznake: Označite
Brez oznak, prvi označite!

MARC

LEADER 00000nam a2200000Ia 4500
001 R-590
003 CODICE-MESSINA
005 20260218010011.0
008 260211s9999 xx 000 0 und d
040 |c importazione_messina 
100 |a Villa, Carlo 
245 0 |a Agrità 
260 |b Editrice Fiorentina 
942 |2 ddc  |c BK 
952 |0 0  |1 0  |2 ddc  |4 0  |6 SCAFFALE_5_000000000000000__ROMANZI  |7 0  |9 31411  |a ME  |b ME  |d 2026-02-11  |l 0  |o SCAFFALE 5 - ROMANZI  |p R-590  |r 2026-02-11 23:52:32  |w 2026-02-11  |x [REVISIONARE]  |y BK 
999 |c 27076  |d 27076